000 00291nam a2200121Ia 4500
008 190216s9999||||xx |||||||||||||| ||und||
100 _aFaucett G M & L W
245 4 _aThe Good Little Men
260 _bOxford University Press
_c1963
300 _a31p
650 _aEnglish
942 _cBK
999 _c11760
_d11760